000 00639nam a2200217Ii 4500
001 15635
003 CO-ViMGA
008 241108s9999||||xx |||||||||||||| ||und||
020 _a9789871343133
040 _aCO-ViMGA
_bspa
_erda
_cCO-ViMGA
041 0 _aspa
084 _aC TUÑ
100 1 _aMercedes Tuñón
_950529
245 1 0 _aEl tesoro pirata. Gris como la oveja. La rana renata
264 1 _aBuenos Aires, Argentina : Del Naranjo, 2009
300 _avolumen
336 _atext
_btxt
_2rdacontent
337 _aunmediated
_bn
_2rdamedia
338 _avolume
_bnc
_2rdacarrier
940 _aidficha_siabuc: 15319. -- ficha_no_siabuc:15635
999 _c45214
_d45214